Soluciones de cimentación para edificios sobre suelos blandos

Збережено в:
Бібліографічні деталі
Автор: Delgado Alpízar, Roy
Формат: Книга
Опубліковано: [San José , Costa Rica] 1996
Предмети:
Теги: Додати тег
Немає тегів, Будьте першим, хто поставить тег для цього запису!

MARC

LEADER 00000nam a2200000Ia 4500
003 007840
005 20221231144249.0
008 140114s1996 cr a m 000 ||s d
040 |c cru CEDI 
090 |a TFG 3406 
100 |a Delgado Alpízar, Roy   |9 4564 
245 |a Soluciones de cimentación para edificios sobre suelos blandos 
260 |c 1996  |a  [San José , Costa Rica] 
300 |a  iv, 211 hojas : ilustraciones  
500 |a  Proyecto de graduación (licenciatura en ingeniería civil)--Universidad de Costa Rica. Facultad de Ingeniería. Escuela de Ingeniería Civil 
650 |x CIMENTACIONES   |x MECANICA DE SUELOS  |9 10497 
942 |c TFG 
999 |c 19282  |d 19282